[Event "KAZ Cup Final (Women)"]
[Site "Almaty"]
[Date "2023.11.28"]
[Round "1.1"]
[White "Nasybullina, Dayana"]
[Black "Kaldarova, Ayaulym"]
[Result "0-1"]
[WhiteElo "1777"]
[BlackElo "2005"]
[PlyCount "98"]
[EventDate "2023.11.28"]
[EventType "k.o."]
[EventRounds "4"]
[EventCountry "KAZ"]
[SourceTitle "CB49_2023"]
[SourceDate "2023.12.06"]
[SourceVersion "1"]
[SourceVersionDate "2023.12.06"]
[SourceQuality "1"]

1. d4 e6 2. c4 b6 3. Nc3 Bb7 4. Nf3 Bb4 5. e3 Nf6 6. Be2 0-0 7. 0-0 Re8 8. Qc2 d5 9. cxd5 exd5 10. a3 Bf8 11. b4 Nbd7 12. Bb2 c6 13. Bd3 Rc8 14. Rad1 g6 15. Rfe1 Bg7 16. Qb1 Nf8 17. e4 Ne6 18. b5 Nf4 19. Bf1 dxe4 20. Nxe4 cxb5 21. Nxf6+ Qxf6 22. Ne5 Qg5 23. g3 Qh5 24. Re3 Nd5 25. g4 Qh4 26. Rg3 Nf4 27. Bxb5 Nh3+ 28. Rxh3 Qxh3 29. Bf1 Qb3 30. Rd3 Qd5 31. Nf3 Ba6 32. h3 h5 33. Bg2 Bxd3 34. Qxd3 Qa2 35. gxh5 Qxb2 36. hxg6 Qc1+ 37. Bf1 fxg6 38. h4 Qc2 39. Qb5 Bf6 40. Qd5+ Kg7 41. Bb5 Qe4 42. Qd7+ Qe7 43. Qg4 Rc1+ 44. Kg2 Qe4 45. Qg3 Re7 46. h5 g5 47. h6+ Kxh6 48. Qh3+ Kg7 49. Bd7 Qh7 0-1

[Event "Cheliabinsk Lozovatsky Memorial-B"]
[Site "Cheliabinsk"]
[Date "2023.02.04"]
[Round "9"]
[White "Makhno, Maria"]
[Black "Nasybullina, Dayana"]
[Result "1/2-1/2"]
[WhiteElo "1849"]
[BlackElo "1750"]
[PlyCount "81"]
[EventDate "2023.01.27"]
[EventType "swiss"]
[EventRounds "10"]
[EventCountry "RUS"]
[SourceTitle "CBM 212 Extra"]
[Source "ChessBase"]
[SourceDate "2023.03.31"]
[SourceVersion "1"]
[SourceVersionDate "2023.03.31"]
[SourceQuality "1"]

1. d4 d5 2. Bg5 h6 3. Bh4 g5 4. Bg3 Bg7 5. Nc3 c6 6. Nf3 Bf5 7. e3 Nd7 8. Be2 Ngf6 9. Ne5 Ne4 10. Nxe4 Bxe4 11. Nxd7 Qxd7 12. f3 Bf5 13. c4 0-0 14. h4 Rae8 15. Qb3 dxc4 16. Bxc4 b5 17. Be2 e5 18. d5 Qxd5 19. e4 Qxb3 20. axb3 Be6 21. b4 Ra8 22. Ra6 Rfc8 23. Kd2 gxh4 24. Bf2 Bf8 25. Bc5 Rc7 26. Rxh4 Rd8+ 27. Kc3 Bxc5 28. bxc5 b4+ 29. Kxb4 Rd2 30. Bc4 Rxb2+ 31. Kc3 Bxc4 32. Kxc4 Kh7 33. g4 Kg6 34. Ra3 Rc2+ 35. Rc3 Rxc3+ 36. Kxc3 Rb7 37. Rh1 Rb5 38. Kc4 Rb2 39. Ra1 Rc2+ 40. Kb4 Rb2+ 41. Kc4 1/2-1/2

[Event "Cheliabinsk Lozovatsky Memorial-B"]
[Site "Cheliabinsk"]
[Date "2023.02.02"]
[Round "7"]
[White "Filippova, Darya"]
[Black "Nasybullina, Dayana"]
[Result "1-0"]
[WhiteElo "2047"]
[BlackElo "1750"]
[PlyCount "75"]
[EventDate "2023.01.27"]
[EventType "swiss"]
[EventRounds "10"]
[EventCountry "RUS"]
[SourceTitle "CBM 212 Extra"]
[Source "ChessBase"]
[SourceDate "2023.03.31"]
[SourceVersion "1"]
[SourceVersionDate "2023.03.31"]
[SourceQuality "1"]

1. e4 c5 2. c3 Nf6 3. e5 Nd5 4. d4 cxd4 5. cxd4 e6 6. Nf3 d6 7. Bc4 Nc6 8. 0-0 Be7 9. Qe2 Nb6 10. Bb3 0-0 11. Nc3 a6 12. Rd1 Nb4 13. a3 N4d5 14. Ne4 Qc7 15. Bg5 f6 16. exf6 Bxf6 17. Rac1 Qe7 18. Re1 Bxg5 19. Nexg5 Rf6 20. Qe4 Rg6 21. Bxd5 Nxd5 22. Qxd5 Qf6 23. Qb3 d5 24. Re5 h6 25. Nh3 Bd7 26. Qe3 Rf8 27. Kh1 Rg4 28. Nhg1 Re4 29. Rxe4 dxe4 30. Qxe4 Bc6 31. Qe5 Qg6 32. Qg3 Qd3 33. Qg4 Bd5 34. Rc7 g5 35. Qh5 Rf6 36. Rc8+ Kg7 37. Qe8 Rxf3 38. Rc7+ 1-0

[Event "Cheliabinsk Lozovatsky Memorial-B"]
[Site "Cheliabinsk"]
[Date "2023.02.01"]
[Round "6"]
[White "Nasybullina, Dayana"]
[Black "Danilova, Rada"]
[Result "1-0"]
[WhiteElo "1750"]
[BlackElo "2015"]
[PlyCount "137"]
[EventDate "2023.01.27"]
[EventType "swiss"]
[EventRounds "10"]
[EventCountry "RUS"]
[SourceTitle "CBM 212 Extra"]
[Source "ChessBase"]
[SourceDate "2023.03.31"]
[SourceVersion "1"]
[SourceVersionDate "2023.03.31"]
[SourceQuality "1"]

1. e4 c5 2. Nf3 Nc6 3. Bb5 g6 4. Bxc6 bxc6 5. 0-0 Bg7 6. Re1 Nh6 7. c3 0-0 8. d4 cxd4 9. cxd4 f6 10. Nbd2 Nf7 11. b3 d6 12. Bb2 Rb8 13. Qc2 Qb6 14. Rac1 Bd7 15. e5 Be8 16. exd6 exd6 17. Re7 Qa6 18. a4 Nh6 19. d5 Nf5 20. Rxg7+ Nxg7 21. dxc6 Rc8 22. Nd4 Bf7 23. Ne4 Ne8 24. b4 Qb6 25. b5 Qd8 26. Qc3 Bd5 27. Re1 h5 28. Qd2 Ng7 29. Qh6 Bxe4 30. Rxe4 Re8 31. Qxg6 Rxe4 32. Qxe4 Qa5 33. Nb3 Qc7 34. h3 Qf7 35. Nd2 Re8 36. Qd4 Re1+ 37. Kh2 Nf5 38. Qd3 Qg6 39. Ne4 Kf8 40. c7 Ne7 41. Qxd6 Kf7 42. Bxf6 Rxe4 43. Bxe7 Qxd6+ 44. Bxd6 Rc4 45. Bf4 Ke6 46. a5 Kd7 47. Be3 Rxc7 48. a6 Ke6 49. g4 h4 50. Kg2 Kd5 51. b6 axb6 52. Bxb6 Rc3 53. Bd8 Ra3 54. Bxh4 Rxa6 55. Bg5 Ke6 56. Kg3 Ra3+ 57. Be3 Kf7 58. h4 Kg7 59. h5 Kh7 60. g5 Kg8 61. Kg4 Rd3 62. Bf4 Rd8 63. g6 Kg7 64. Bg5 Rd1 65. f4 Rh1 66. f5 Rg1+ 67. Kf4 Rf1+ 68. Ke4 Re1+ 69. Be3 1-0

[Event "Cheliabinsk Panchenko Memorial op-B"]
[Site "Cheliabinsk"]
[Date "2022.09.16"]
[Round "5"]
[White "Nasybullina, Dayana"]
[Black "Voronaya, Eva"]
[Result "1-0"]
[WhiteElo "1825"]
[BlackElo "1474"]
[PlyCount "73"]
[EventDate "2022.09.12"]
[EventType "swiss"]
[EventRounds "10"]
[EventCountry "RUS"]
[SourceTitle "CBM 210 Extra"]
[Source "ChessBase"]
[SourceDate "2022.11.30"]
[SourceVersion "1"]
[SourceVersionDate "2022.11.30"]
[SourceQuality "1"]

1. Nf3 d5 2. g3 e6 3. c4 Nf6 4. Bg2 dxc4 5. Qc2 Nbd7 6. Qxc4 a6 7. 0-0 Be7 8. d4 0-0 9. Rd1 Nb6 10. Qc2 c6 11. Nc3 h6 12. e4 Bd7 13. Ne5 Be8 14. b3 Rc8 15. Bb2 Qc7 16. Nc4 Nxc4 17. bxc4 c5 18. d5 exd5 19. e5 Nd7 20. Nxd5 Qd8 21. Nxe7+ Qxe7 22. Bxb7 Rb8 23. Bxa6 Nxe5 24. Bxe5 Qxe5 25. Qd3 Qf6 26. Bb5 Bxb5 27. cxb5 Rfd8 28. Qc4 Rxd1+ 29. Rxd1 Qb2 30. a4 Ra8 31. Rd7 Qb1+ 32. Kg2 Qf5 33. Rd5 Qc8 34. Rxc5 Qb7+ 35. Rc6 Qa7 36. Rc7 Qxa4 37. Qxf7+ 1-0

[Event "Cheliabinsk Lozovatsky Memorial-A"]
[Site "Cheliabinsk"]
[Date "2022.01.30"]
[Round "9"]
[White "Vanishvili, Mari"]
[Black "Nasybullina, Dayana"]
[Result "1-0"]
[WhiteElo "1952"]
[BlackElo "1988"]
[PlyCount "69"]
[EventDate "2022.01.22"]
[EventType "swiss"]
[EventRounds "10"]
[EventCountry "RUS"]
[SourceTitle "EXT 2023"]
[Source "ChessBase"]
[SourceDate "2022.10.05"]
[SourceVersion "1"]
[SourceVersionDate "2022.10.05"]
[SourceQuality "1"]

1. e4 e5 2. Nf3 Nc6 3. Nc3 Nf6 4. d4 exd4 5. Nxd4 Bb4 6. Nxc6 bxc6 7. Bd3 d5 8. exd5 cxd5 9. 0-0 0-0 10. Bg5 c6 11. Na4 Be7 12. Re1 Re8 13. b3 Bg4 14. f3 Be6 15. Be3 d4 16. Bf2 c5 17. c3 dxc3 18. Bb5 Bd7 19. Bxd7 Nxd7 20. Nxc3 Bf6 21. Rxe8+ Qxe8 22. Rc1 Rd8 23. Ne4 Qe6 24. Qd6 Qxd6 25. Nxd6 Ne5 26. Ne4 Nd3 27. Nxf6+ gxf6 28. Rd1 Rd7 29. Kf1 a6 30. Bg3 Rd4 31. Ke2 Nf4+ 32. Bxf4 Rxf4 33. Rd5 c4 34. g3 cxb3 35. gxf4 1-0

[Event "Cheliabinsk Lozovatsky Memorial-A"]
[Site "Cheliabinsk"]
[Date "2022.01.29"]
[Round "8"]
[White "Nasybullina, Dayana"]
[Black "Filippova, Darya"]
[Result "0-1"]
[WhiteElo "1988"]
[BlackElo "1992"]
[PlyCount "174"]
[EventDate "2022.01.22"]
[EventType "swiss"]
[EventRounds "10"]
[EventCountry "RUS"]
[SourceTitle "CBM 206 Extra"]
[Source "ChessBase"]
[SourceDate "2022.03.31"]
[SourceVersion "1"]
[SourceVersionDate "2022.03.31"]
[SourceQuality "1"]

1. d4 d5 2. c4 c6 3. cxd5 cxd5 4. Nc3 Nc6 5. Nf3 Nf6 6. Bf4 e6 7. e3 Nh5 8. Bg5 Qa5 9. Bb5 Bb4 10. Qd3 Bd7 11. 0-0 h6 12. Bh4 f5 13. Rfc1 0-0 14. Bxc6 bxc6 15. Ne5 Be8 16. a3 Bd6 17. b4 Qb6 18. Na4 Qb8 19. f4 g5 20. Bg3 a5 21. Nc5 Qc8 22. bxa5 Rxa5 23. Be1 Ra7 24. g3 Rg7 25. Kh1 Nf6 26. a4 Ne4 27. Nxe4 fxe4 28. Qc2 gxf4 29. exf4 Qa6 30. Bf2 h5 31. Be3 Kh8 32. Kg1 h4 33. Kf2 c5 34. Qe2 Qa7 35. Rxc5 hxg3+ 36. hxg3 Rh7 37. Rg1 Qxa4 38. Qb2 Rg8 39. Rc8 Bxe5 40. dxe5 Rh2+ 41. Rg2 Rh1 42. Rc1 Rh3 43. Qc2 d4 44. Qxa4 dxe3+ 45. Kxe3 Rgxg3+ 46. Rxg3 Rxg3+ 47. Kxe4 Bxa4 48. Rc7 Bd1 49. Rf7 Bc2+ 50. Kd4 Bf5 51. Kc5 Rd3 52. Ra7 Kg8 53. Ra4 Kf7 54. Ra1 Rf3 55. Ra4 Re3 56. Ra1 Re4 57. Rf1 Bg4 58. Kd6 Kg6 59. f5+ Bxf5 60. Ke7 Kg5 61. Kd6 Rd4+ 62. Ke7 Bg4 63. Rf8 Rd5 64. Rg8+ Kf5 65. Rxg4 Rxe5 66. Rg1 Re2 67. Kd6 e5 68. Kd5 Rd2+ 69. Kc4 e4 70. Rf1+ Kg4 71. Kc3 Rd8 72. Rf7 e3 73. Rg7+ Kf3 74. Rf7+ Ke2 75. Re7 Kf2 76. Kc2 e2 77. Rf7+ Ke1 78. Re7 Rc8+ 79. Kb2 Rc5 80. Kb3 Kf2 81. Rf7+ Ke3 82. Re7+ Kf3 83. Kb4 Rc1 84. Rf7+ Kg4 85. Rg7+ Kh5 86. Rh7+ Kg6 87. Re7 e1Q+ 0-1

[Event "Cheliabinsk Lozovatsky Memorial-A"]
[Site "Cheliabinsk"]
[Date "2022.01.28"]
[Round "7"]
[White "Nasybullina, Dayana"]
[Black "Shnayder, Violetta"]
[Result "0-1"]
[WhiteElo "1988"]
[BlackElo "1921"]
[PlyCount "112"]
[EventDate "2022.01.22"]
[EventType "swiss"]
[EventRounds "10"]
[EventCountry "RUS"]
[SourceTitle "CBM 206 Extra"]
[Source "ChessBase"]
[SourceDate "2022.03.31"]
[SourceVersion "1"]
[SourceVersionDate "2022.03.31"]
[SourceQuality "1"]

1. Nf3 Nf6 2. c4 c5 3. Nc3 g6 4. g3 b6 5. Bg2 Bb7 6. d3 Bg7 7. a3 0-0 8. 0-0 d5 9. cxd5 Nxd5 10. Bd2 Nc6 11. Nxd5 Qxd5 12. Bc3 Nd4 13. Nh4 Qd7 14. Bxb7 Qxb7 15. e3 g5 16. Bxd4 cxd4 17. Nf5 dxe3 18. fxe3 Rac8 19. Qh5 Rc2 20. e4 Bf6 21. Nh6+ Kg7 22. Rxf6 Kxf6 23. Rf1+ Ke6 24. Nxf7 Rxf7 25. Qxf7+ Kd7 26. Qf5+ Kc7 27. Qxg5 Kd6 28. Qf4+ Kc6 29. Qh6+ Kb5 30. b3 Qd7 31. Qh5+ Ka6 32. Qd1 Qd4+ 33. Kh1 Qb2 34. Qf3 Rxh2+ 35. Kg1 Rh6 36. Qf2 Qxb3 37. Qe3 Rd6 38. Rf3 Qxa3 39. Kg2 Qb2+ 40. Kh3 Qg7 41. e5 Qh6+ 42. Kg4 Rg6+ 43. Kf5 e6+ 44. Ke4 Rg4+ 45. Rf4 Qg6+ 46. Kd4 Rxg3 47. Qe2 h5 48. Kc3 Rg4 49. Rf6 Qg5 50. Qa2+ Kb5 51. Qb3+ Ka5 52. Rxe6 Qc1+ 53. Qc2 Qa3+ 54. Qb3 Qc5+ 55. Kb2 Rg2+ 56. Ka1 Qc1+ 0-1

[Event "Cheliabinsk Lozovatsky Memorial-A"]
[Site "Cheliabinsk"]
[Date "2022.01.23"]
[Round "2"]
[White "Skatchkov, Valery"]
[Black "Nasybullina, Dayana"]
[Result "1-0"]
[WhiteElo "2263"]
[BlackElo "1988"]
[PlyCount "67"]
[EventDate "2022.01.22"]
[EventType "swiss"]
[EventRounds "10"]
[EventCountry "RUS"]
[SourceTitle "CBM 206 Extra"]
[Source "ChessBase"]
[SourceDate "2022.03.31"]
[SourceVersion "1"]
[SourceVersionDate "2022.03.31"]
[SourceQuality "1"]

1. d4 Nf6 2. Nf3 e6 3. c4 d5 4. g3 dxc4 5. Bg2 Nc6 6. Qa4 Bb4+ 7. Bd2 Nd5 8. Bxb4 Ndxb4 9. 0-0 Rb8 10. Nc3 a6 11. Ne5 0-0 12. Nxc6 Nxc6 13. Bxc6 bxc6 14. Qxc4 Rxb2 15. Rab1 Rb6 16. Qc5 h5 17. a4 f5 18. e3 Bb7 19. a5 Rb5 20. Nxb5 cxb5 21. Rbc1 Rf7 22. f3 h4 23. Qe5 hxg3 24. hxg3 Bd5 25. Kg2 c6 26. Rh1 Qxa5 27. Qb8+ Rf8 28. Rh8+ Kxh8 29. Qxf8+ Kh7 30. Rh1+ Kg6 31. Qe8+ Kf6 32. Rh8 Qa3 33. Rf8+ Kg5 34. Qf7 1-0

[Event "RUS-chT Blitz (Women)"]
[Site "Sochi"]
[Date "2021.10.14"]
[Round "8.1"]
[White "Nasybullina, Dayana"]
[Black "Khokhlova, Daria"]
[Result "0-1"]
[WhiteElo "1982"]
[BlackElo "2134"]
[PlyCount "74"]
[EventDate "2021.10.14"]
[EventType "team-tourn (blitz)"]
[EventRounds "11"]
[EventCountry "RUS"]
[SourceTitle "CBM 204 Extra"]
[Source "ChessBase"]
[SourceDate "2021.11.30"]
[SourceVersion "1"]
[SourceVersionDate "2021.11.30"]
[SourceQuality "1"]
[WhiteTeam "Cheliabinsk Yuzhnyy Ural (W) III"]
[BlackTeam "Krasnodar Strimershi (W)"]
[WhiteTeamCountry "RUS"]
[BlackTeamCountry "RUS"]

1. d4 c5 2. c3 Nf6 3. Nf3 b6 4. Bf4 d6 5. Nbd2 Bb7 6. e3 g6 7. Bd3 Bg7 8. Qe2 0-0 9. 0-0 Nh5 10. Bg3 Nxg3 11. hxg3 Nd7 12. e4 e5 13. d5 f5 14. a4 a6 15. Nh4 f4 16. Nc4 Qe7 17. Rae1 fxg3 18. fxg3 Bf6 19. Qg4 Bxh4 20. Qxh4 Nf6 21. Nxb6 Rab8 22. Nc4 Bc8 23. Rf2 Kg7 24. Qg5 Bd7 25. a5 Bb5 26. Ref1 Bxc4 27. Bxc4 h6 28. Qc1 Nxe4 29. Rxf8 Rxf8 30. Rxf8 Qxf8 31. Qe3 Nf6 32. Bxa6 Qa8 33. Bc4 Qxa5 34. Qf3 Qa1+ 35. Kh2 Qxb2 36. Kh3 Qc1 37. Bb3 Qh1# 0-1

[Event "Cheliabinsk Panchenko Memorial op-B"]
[Site "Cheliabinsk"]
[Date "2021.09.13"]
[Round "1"]
[White "Yakubbaeva, Nilufar"]
[Black "Nasybullina, Dayana"]
[Result "1/2-1/2"]
[WhiteElo "2250"]
[BlackElo "1982"]
[PlyCount "140"]
[EventDate "2021.09.13"]
[EventType "swiss"]
[EventRounds "10"]
[EventCountry "RUS"]
[SourceTitle "CBM 204 Extra"]
[Source "ChessBase"]
[SourceDate "2021.11.30"]
[SourceVersion "1"]
[SourceVersionDate "2021.11.30"]
[SourceQuality "1"]

1. e4 c5 2. Nf3 e6 3. d4 cxd4 4. Nxd4 Nc6 5. Nc3 a6 6. Nxc6 bxc6 7. Bd3 Qc7 8. 0-0 Nf6 9. Qe2 Be7 10. e5 Nd5 11. Nxd5 cxd5 12. c3 Bb7 13. Kh1 Qc6 14. f4 g6 15. Be3 Bc5 16. Bd4 Bxd4 17. cxd4 Qb6 18. Qe3 0-0-0 19. b4 Kb8 20. a4 Rc8 21. a5 Qxb4 22. Rfb1 Qc3 23. Rc1 Qb2 24. Rcb1 Qc3 25. Ra4 Rc4 26. Rxb7+ Kxb7 27. Rxc4 Qxa5 28. Rc1 Rc8 29. Rxc8 Kxc8 30. Qc1+ Kb7 31. Kg1 Qb4 32. Qb1 a5 33. Qxb4+ axb4 34. Bc2 d6 35. g4 dxe5 36. dxe5 Kb6 37. Kf2 Kc5 38. Ke3 Kc4 39. Kd2 Kd4 40. g5 Kc4 41. h3 b3 42. Bb1 b2 43. Bc2 Kb4 44. h4 Kc4 45. Bb1 Kb4 46. Kc2 Kc4 47. Kxb2 Kd4 48. Kb3 Ke3 49. Kc3 Kxf4 50. Kd4 Kg4 51. Ke3 Kxh4 52. Kf4 Kh5 53. Bd3 d4 54. Bf1 Kh4 55. Be2 Kh3 56. Bb5 Kh4 57. Be2 Kh3 58. Bb5 Kh4 59. Bd3 Kh3 60. Be2 Kh4 61. Bg4 d3 62. Bd1 Kh3 63. Bf3 d2 64. Be2 Kg2 65. Ke3 Kg3 66. Bf3 Kh4 67. Kf4 Kh3 68. Be2 Kg2 69. Ke3 Kg3 70. Bf3 Kh4 1/2-1/2

[Event "South Ural Cup-C"]
[Site "Cheliabinsk"]
[Date "2021.07.01"]
[Round "7"]
[White "Nasybullina, Dayana"]
[Black "Mukhina, Jana"]
[Result "1/2-1/2"]
[WhiteElo "1990"]
[BlackElo "1988"]
[PlyCount "85"]
[EventDate "2021.06.25"]
[EventType "tourn"]
[EventRounds "9"]
[EventCountry "RUS"]
[SourceTitle "CBM 203 Extra"]
[Source "ChessBase"]
[SourceDate "2021.09.30"]
[SourceVersion "1"]
[SourceVersionDate "2021.09.30"]
[SourceQuality "1"]

1. Nf3 d5 2. d4 Nf6 3. c4 c6 4. e3 g6 5. Nc3 Bg7 6. Be2 0-0 7. 0-0 Nbd7 8. b3 b6 9. Bb2 Bb7 10. Rc1 Rc8 11. Ne5 Ne8 12. Nxd7 Qxd7 13. cxd5 cxd5 14. Bb5 Qd8 15. Qd3 Nc7 16. Nb1 Nxb5 17. Qxb5 Qe8 18. Nc3 Bc6 19. Qa6 Qd7 20. a4 Ra8 21. Rc2 Bb7 22. Qb5 Bc6 23. Qd3 a6 24. Rfc1 Rfc8 25. Na2 Bb7 26. Ba3 Bf8 27. Rxc8 Rxc8 28. Rxc8 Qxc8 29. h3 a5 30. Qc3 Qf5 31. Nc1 Qc8 32. Qxc8 Bxc8 33. Kf1 Ba6+ 34. Ke1 f6 35. g3 Kf7 36. Kd2 Bf1 37. h4 g5 38. Ne2 gxh4 39. gxh4 Bxe2 40. Kxe2 Bh6 41. Kf3 f5 42. Kg3 Kf6 43. Kf3 1/2-1/2

[Event "Cheliabinsk Variant Gp-A"]
[Site "Cheliabinsk"]
[Date "2021.03.28"]
[Round "7"]
[White "Nasybullina, Dayana"]
[Black "Botoyan, Smbat"]
[Result "1/2-1/2"]
[WhiteElo "1888"]
[BlackElo "2224"]
[PlyCount "116"]
[EventDate "2021.03.23"]
[EventType "swiss"]
[EventRounds "10"]
[EventCountry "RUS"]
[SourceTitle "CBM 202 Extra"]
[Source "ChessBase"]
[SourceDate "2021.07.31"]
[SourceVersion "1"]
[SourceVersionDate "2021.07.31"]
[SourceQuality "1"]

1. d4 g6 2. Nf3 Bg7 3. c3 d6 4. e4 Nf6 5. Bd3 0-0 6. Bg5 c5 7. 0-0 Qb6 8. Qb3 Be6 9. d5 Bg4 10. Nbd2 h6 11. Bh4 g5 12. Bg3 Qxb3 13. axb3 Nh5 14. Rfe1 Nxg3 15. hxg3 Nd7 16. Bb5 Nf6 17. Nc4 a6 18. Nb6 Rad8 19. Bf1 Rfe8 20. Nd2 e6 21. Ndc4 Nd7 22. f3 Nxb6 23. Nxb6 Bh5 24. Bc4 Be5 25. Kf2 Bg6 26. Red1 h5 27. Rd2 Kg7 28. b4 cxb4 29. cxb4 h4 30. gxh4 gxh4 31. b5 exd5 32. Nxd5 axb5 33. Bxb5 Bg3+ 34. Kf1 Ra8 35. Rad1 Rh8 36. Bd7 Rhd8 37. Bg4 Ra2 38. Nc3 Ra5 39. b4 Rg5 40. Rd5 Rxd5 41. Rxd5 Ra8 42. Ra5 Re8 43. Ke2 Re7 44. Kd3 Rc7 45. Rb5 Re7 46. Bc8 Rc7 47. Bxb7 f5 48. exf5 Be8 49. f6+ Kf8 50. Ba6 Bxb5+ 51. Bxb5 Be5 52. Nd5 Rc1 53. Ke4 Re1+ 54. Kf5 Rg1 55. Ne7 Rxg2 56. Ng6+ Rxg6 57. Kxg6 h3 58. f4 Bc3 1/2-1/2

[Event "Cheliabinsk Variant Gp-A"]
[Site "Cheliabinsk"]
[Date "2021.03.26"]
[Round "4"]
[White "Nasybullina, Dayana"]
[Black "Vlassov, Nikolai"]
[Result "0-1"]
[WhiteElo "1888"]
[BlackElo "2331"]
[PlyCount "72"]
[EventDate "2021.03.23"]
[EventType "swiss"]
[EventRounds "10"]
[EventCountry "RUS"]
[SourceTitle "CBM 202 Extra"]
[Source "ChessBase"]
[SourceDate "2021.07.31"]
[SourceVersion "1"]
[SourceVersionDate "2021.07.31"]
[SourceQuality "1"]

1. d4 Nf6 2. c4 Nc6 3. Nf3 e6 4. e3 Bb4+ 5. Nbd2 a5 6. a3 Bxd2+ 7. Bxd2 d6 8. b4 axb4 9. axb4 Rxa1 10. Qxa1 0-0 11. b5 Ne7 12. Be2 Ne4 13. Bc3 b6 14. h4 Bb7 15. h5 Qa8 16. 0-0 Qxa1 17. Bxa1 Ra8 18. Rc1 Ra2 19. Kf1 f5 20. c5 Nd5 21. c6 Bc8 22. Ke1 Nb4 23. Bc4 Rxf2 24. Be2 Rxg2 25. Rc4 Nd5 26. Ra4 Rxe2+ 27. Kxe2 Ndc3+ 28. Bxc3 Nxc3+ 29. Kd3 Nxa4 30. Kc2 Kf7 31. Ng5+ Ke7 32. Nxh7 e5 33. Kb3 f4 34. Ng5 fxe3 35. Nf3 exd4 36. Kxa4 d3 0-1

[Event "Cheliabinsk Lozovatsky Memorial-A"]
[Site "Cheliabinsk"]
[Date "2021.01.22"]
[Round "9"]
[White "Nasybullina, Dayana"]
[Black "Bazyrtsyrenov, Kirill"]
[Result "0-1"]
[WhiteElo "1886"]
[BlackElo "2172"]
[PlyCount "94"]
[EventDate "2021.01.15"]
[EventType "swiss"]
[EventRounds "10"]
[EventCountry "RUS"]
[SourceTitle "CBM 200 Extra"]
[Source "ChessBase"]
[SourceDate "2021.03.31"]
[SourceVersion "1"]
[SourceVersionDate "2021.03.31"]
[SourceQuality "1"]

1. Nf3 c5 2. b3 Nc6 3. Bb2 d6 4. g3 e5 5. d3 f5 6. c4 Nf6 7. Nc3 Be7 8. Bg2 0-0 9. 0-0 Qe8 10. a3 Qh5 11. Nd5 Ng4 12. h3 Nf6 13. b4 f4 14. g4 Nxg4 15. hxg4 Bxg4 16. b5 Rae8 17. bxc6 bxc6 18. Nxe7+ Rxe7 19. Qa4 Re6 20. Qxc6 Rg6 21. Rfb1 Bh3 22. Ne1 Bxg2 23. Nxg2 f3 24. exf3 Qh3 25. Kf1 e4 26. Qxe4 Re6 27. Qxe6+ Qxe6 28. Re1 Qd7 29. Ke2 Qb7 30. Bxg7 Kxg7 31. Ne3 Qb2+ 32. Kf1 Rxf3 33. Ng4 h5 34. Rab1 Qxa3 35. Rb7+ Rf7 36. Rxf7+ Kxf7 37. Nh6+ Kf6 38. Re3 a5 39. Kg2 a4 40. Kg3 Qc1 41. Ng8+ Kg7 42. Ne7 a3 43. Nf5+ Kg6 44. Ne7+ Kf7 45. Nd5 a2 46. Rf3+ Kg7 47. Nf4 Qg1+ 0-1

[Event "Cheliabinsk Lozovatsky Memorial-A"]
[Site "Cheliabinsk"]
[Date "2021.01.17"]
[Round "3"]
[White "Khokhlova, Daria"]
[Black "Nasybullina, Dayana"]
[Result "1-0"]
[WhiteElo "2210"]
[BlackElo "1886"]
[PlyCount "77"]
[EventDate "2021.01.15"]
[EventType "swiss"]
[EventRounds "10"]
[EventCountry "RUS"]
[SourceTitle "CBM 200 Extra"]
[Source "ChessBase"]
[SourceDate "2021.03.31"]
[SourceVersion "1"]
[SourceVersionDate "2021.03.31"]
[SourceQuality "1"]

1. d4 c5 2. d5 e5 3. e4 d6 4. Bb5+ Nd7 5. a4 a6 6. Be2 Be7 7. Nf3 Ngf6 8. Nc3 0-0 9. 0-0 h6 10. g3 Rb8 11. a5 b5 12. axb6 Nxb6 13. Ne1 Nfd7 14. Be3 Qc7 15. Qc1 c4 16. f4 f5 17. exf5 Rxf5 18. Bg4 Rf8 19. Be6+ Kh8 20. Nf3 exf4 21. gxf4 Nc5 22. f5 Bf6 23. Bd4 Bb7 24. Bxf6 Rxf6 25. Nd4 Nxe6 26. Nxe6 Qe7 27. Qd2 Nd7 28. Rae1 Ne5 29. Ne4 Rf7 30. Ng3 Rc8 31. Nf4 Kh7 32. Qe3 Qc7 33. Rd1 Qc5 34. Qxc5 Rxc5 35. Ne4 Rcc7 36. Nxd6 Rf6 37. Ne6 Re7 38. Rde1 Ng4 39. h3 1-0

[Event "Wch FIDE Online U16 Girls Europe qual"]
[Site "Tornelo INT"]
[Date "2020.12.07"]
[Round "2"]
[White "Simonova, Stela"]
[Black "Nasybullina, Dayana"]
[Result "0-1"]
[WhiteElo "1516"]
[BlackElo "1759"]
[PlyCount "52"]
[EventDate "2020.12.07"]
[EventType "swiss (rapid)"]
[EventRounds "7"]
[EventCountry "ISS"]
[SourceTitle "EXT 2022"]
[Source "ChessBase"]
[SourceDate "2021.10.06"]
[SourceVersion "1"]
[SourceVersionDate "2021.10.06"]
[SourceQuality "1"]

1. d4 c5 2. d5 e5 3. e4 d6 4. Nc3 a6 5. Nf3 Be7 6. Be2 b5 7. a3 Bg4 8. 0-0 Bxf3 9. Bxf3 Bg5 10. Bxg5 Qxg5 11. Qd3 Nd7 12. Rfe1 h5 13. Qe3 Qg6 14. Ne2 h4 15. h3 Ngf6 16. b3 Nh5 17. c4 bxc4 18. bxc4 Qf6 19. Rab1 Nf4 20. Nxf4 exf4 21. Qe2 0-0 22. Rb3 Rfb8 23. Reb1 Rxb3 24. Rxb3 Qa1+ 25. Qf1 Qd4 26. Rb6 Nxb6 0-1

[Event "Satka Autumn op (Women)"]
[Site "Satka"]
[Date "2020.10.27"]
[Round "7"]
[White "Nasybullina, Dayana"]
[Black "Leolko, Ljudmila"]
[Result "1/2-1/2"]
[WhiteElo "1802"]
[BlackElo "1899"]
[PlyCount "101"]
[EventDate "2020.10.21"]
[EventType "swiss"]
[EventRounds "9"]
[EventCountry "RUS"]
[SourceTitle "CBM 199 Extra"]
[Source "ChessBase"]
[SourceDate "2021.01.31"]
[SourceVersion "1"]
[SourceVersionDate "2021.01.31"]
[SourceQuality "1"]

1. e4 c5 2. Nf3 d6 3. d4 cxd4 4. Nxd4 Nf6 5. Nc3 g6 6. f4 Nc6 7. Nxc6 bxc6 8. e5 Nd7 9. exd6 exd6 10. Qd4 Qf6 11. Be3 Bg7 12. 0-0-0 d5 13. Qxf6 Nxf6 14. Bc5 Bf5 15. Bd3 Bxd3 16. Rxd3 Kd7 17. Re1 Rhe8 18. Rde3 Rxe3 19. Rxe3 Bf8 20. Bxf8 Rxf8 21. Na4 Ne4 22. Ra3 Rb8 23. Nc3 Rb7 24. Nxe4 dxe4 25. Rh3 Ke6 26. g4 f6 27. Rc3 Kd5 28. b3 h6 29. Kd2 c5 30. Rh3 Rh7 31. Ke3 c4 32. bxc4+ Kxc4 33. Kxe4 a5 34. Ra3 Re7+ 35. Kf3 Ra7 36. Re3 a4 37. a3 Kd5 38. f5 gxf5 39. gxf5 Rc7 40. Kg4 Rxc2 41. h4 Rf2 42. Re6 h5+ 43. Kg3 Rxf5 44. Ra6 Ke4 45. Re6+ Kd3 46. Ra6 Ke3 47. Re6+ Kd2 48. Ra6 Ke2 49. Re6+ Kd2 50. Ra6 Ke3 51. Re6+ 1/2-1/2

[Event "Satka Autumn op (Women)"]
[Site "Satka"]
[Date "2020.10.23"]
[Round "3"]
[White "Nasybullina, Dayana"]
[Black "Stroganova, Karina"]
[Result "1/2-1/2"]
[WhiteElo "1802"]
[BlackElo "1825"]
[PlyCount "98"]
[EventDate "2020.10.21"]
[EventType "swiss"]
[EventRounds "9"]
[EventCountry "RUS"]
[SourceTitle "CBM 199 Extra"]
[Source "ChessBase"]
[SourceDate "2021.01.31"]
[SourceVersion "1"]
[SourceVersionDate "2021.01.31"]
[SourceQuality "1"]

1. e4 d5 2. exd5 Qxd5 3. d4 Nf6 4. Nf3 g6 5. Be2 Bg7 6. 0-0 0-0 7. Bf4 Qd8 8. c3 Nc6 9. Ne5 Nxe5 10. Bxe5 c6 11. a4 b6 12. Bf3 Bb7 13. Nd2 Qd7 14. a5 c5 15. axb6 axb6 16. Qb3 Bxf3 17. Nxf3 Qc6 18. Qc4 Ne4 19. dxc5 Nxc5 20. Bxg7 Kxg7 21. b4 Qe4 22. Qb5 Rxa1 23. Rxa1 Nb3 24. Re1 Qc2 25. Qe5+ Kg8 26. h4 h5 27. Qc7 Nd2 28. Ng5 b5 29. Nh3 Ne4 30. Qxe7 Nxc3 31. Nf4 Nd1 32. Nxh5 Qxf2+ 33. Kh1 Nc3 34. Nf6+ Kg7 35. Ne8+ Kh7 36. Qe5 Qxh4+ 37. Kg1 Kh6 38. Qg7+ Kh5 39. Qxc3 Qd8 40. Qh3+ Kg5 41. Qe3+ Kh5 42. Ng7+ Kh4 43. Qh3+ Kg5 44. Qe3+ Kg4 45. Rf1 Qd6 46. Qe4+ Kg5 47. Ne6+ fxe6 48. Qe3+ Kh5 49. Qh3+ Kg5 1/2-1/2